Refrigeración: manual práctico para aprendices

Guardat en:
Dades bibliogràfiques
Autor principal: Reed, G. H (Autor)
Format: Llibre
Idioma:espanyol
Publicat: Zaragoza Acribia 1987
Matèries:
Etiquetes: Afegir etiqueta
Sense etiquetes, Sigues el primer a etiquetar aquest registre!

MARC

LEADER 00000nam a2200000 a 4500
001 UCV5999
003 CL-VaPUC
008 930713e19870000SP |||||||||||||||||spa|d
082 0 4 |a 621.56  |b REE  |2 21 
100 0 |a Reed, G. H  |e author  |9 300232 
245 1 0 |a Refrigeración: manual práctico para aprendices 
300 |a 173 p 
942 |c BK 
945 |d 19930713 00:00:00 
260 |a Zaragoza  |b Acribia  |c 1987 
650 0 |a Refrigeración  |9 259343 
650 0 |a Manuales  |9 257144 
583 |a last modification  |c 19930713 00:00:00  |k Rodrigo Vera 
999 |c 212272  |d 212270 
952 |0 0  |1 0  |4 0  |6 621_560000000000000_REE_1987  |7 0  |8 A  |9 192906  |a BIBING  |b BIBING  |d 2019-11-14  |i 2605538  |o 621.56 REE 1987  |p 2605538  |r 2025-01-20  |w 2019-11-14  |y BK  |k CCL